Statistics for Countries Rihanna has Visited

Click here to take the quiz!

General Stats

  • This quiz has been taken 125 times
    (16 since last reset)
  • The average score is 36 of 47

Answer Stats

ContinentCountry% Correct
OceaniaAustralia
94%
EuropeFrance
94%
EuropeUnited Kingdom
94%
North AmericaUnited States of America
94%
South AmericaBrazil
88%
North AmericaCanada
88%
AsiaChina
88%
AsiaIndia
88%
EuropePortugal
88%
EuropeSpain
88%
EuropeSweden
88%
Asia/ EuropeTurkey
88%
North AmericaBarbados
81%
EuropeGermany
81%
AsiaJapan
81%
North AmericaMexico
81%
OceaniaNew Zealand
81%
Asia/ EuropeRussia
81%
AfricaSouth Africa
81%
EuropeSwitzerland
81%
EuropeAustria
75%
EuropeBelgium
75%
EuropeFinland
75%
EuropeIreland
75%
EuropeItaly
75%
North AmericaJamaica
75%
AfricaMorocco
75%
EuropeNorway
75%
EuropePoland
75%
AsiaSouth Korea
75%
Europethe Netherlands
75%
EuropeCzech Republic
69%
EuropeDenmark
69%
EuropeGreece
69%
EuropeLatvia
69%
AsiaThailand
69%
AsiaUnited Arab Emirates
69%
EuropeBulgaria
63%
EuropeHungary
63%
AsiaIsrael
63%
EuropeRomania
63%
EuropeSerbia
63%
EuropeSlovakia
63%
North AmericaDominican Republic
56%
EuropeMonaco
56%
AsiaSingapore
50%
Asiathe Philippines
50%

Score Distribution

Percentile by Number Answered

Percent of People with Each Score

Your Score History

You have not taken this quiz since the last reset